| LEADER | 01412nam a2200253 u 4500 | ||
|---|---|---|---|
| 001 | 10066828 | ||
| 003 | upatras | ||
| 005 | 20210117201411.0 | ||
| 008 | 080619s1989 gr gre | ||
| 040 | |a ΠΑΝΕΠΙΣΤΗΜΙΟ ΠΑΤΡΑΣ |c ΠΑΝΕΠΙΣΤΗΜΙΟ ΠΑΤΡΑΣ | ||
| 041 | 0 | |a gre | |
| 084 | |a WF 141 | ||
| 100 | 1 | |a Πέτσας, Θεόδωρος Γ. |9 60680 | |
| 245 | 1 | 0 | |a Χρήση εμβολών θρόμβου στη διαδερμική βιοψία του πνεύμονα για την αποφυγή του πνευμοθώρακα |b μελέτη σε πειραματόζωα |c Θεόδωρου Γ. Πέτσα; Πανεπιστήμιο Πατρών, Σχολή Επιστημών Υγείας, Ιατρικό Τμήμα, Κλινικό Εργαστήριο Ακτινολογίας |
| 260 | |a Πάτρα |b [χ.ό.] |c 1989 | ||
| 300 | |a 106 σ. |b σχήμ. |c 29 εκ. | ||
| 504 | |a Περιλαμβάνει βιβλιογραφία | ||
| 650 | 4 | |a Πνεύμονες |x Ασθένειες |9 31990 | |
| 650 | 4 | |a Βιοψία |9 31377 | |
| 852 | |a GR-PaULI |b ΠΑΤΡΑ |b ΙΑΤΡΙΚΗ |k ΔΙΑΤΡΙΒΗ-10 |h WF 141 ΠΕΤ |m Δ/000814 |p 025000140545 |t 1 | ||
| 942 | |2 ddc |c BKTD | ||
| 952 | |0 0 |1 0 |4 0 |6 WF_141_000000000000000_ΠΕΤ |7 0 |9 66950 |a MEDI |b MEDI |d 2016-04-24 |i Δ/000814 |l 0 |o WF 141 ΠΕΤ |p 025000140545 |r 2016-04-24 00:00:00 |t 1 |w 2016-04-24 |y BKTD | ||
| 998 | |c ΜΑΝΙΑΚΗ |d 2008-06 | ||
| 999 | |c 43120 |d 43120 | ||